WWE superstars by nickname - Statistics

General Stats
  • This quiz has been taken 3,601 times
  • The average score is 12 of 15
Answer Stats
Hint Answer % Correct
The Viper Randy Orton
95%
Stone Cold Steve Austin
94%
The Game Triple H
93%
The Rated R Superstar Edge
92%
Nature Boy Ric Flair
90%
World's Largest Athlete Big Show
89%
Macho Man Randy Savage
89%
The Heartbreak Kid Shawn Michaels
89%
The Hit Man Bret Hart
88%
Hollywood Hulk Hogan
79%
The Great White Sheamus
65%
Big Daddy Cool Kevin Nash
62%
The Great One The Rock
62%
The Demon From Death Valley The Undertaker
59%
Mexico's Greatest Export Alberto Del Rio
52%
No matching quizzes found
Score Distribution
Percent of People with Each Score
Percentile by Number Answered
Your Score History
You have not taken this quiz